000 00469nam a2200157Ia 4500
008 160316s2011 xxu||||| |||| 00| 0 eng d
082 _a343.055800
_bAGA-II
100 _aAgarwal Sanjiv
245 _aTreaties on service tax Vol. II
250 _a9th
260 _aMumbai
_bSnow White Publications
_c2011
300 _a2208p
_b
_c
365 _bRs. 2,395 Vols
650 _a1.Tax Laws - Service Tax - Practice & Procedures 2. Service Tax Law - Practice
700 _a
_a
999 _c28695
_d28695